000 00273nam a22001217a 4500
020 _aNA
082 _222
_a658
100 _aChandan, J. S.
245 _aManagement concepts and strategies /
260 _bVikas Publishing,
_cc2005.
300 _a0
_bill. ;
942 _2ddc
_cMAG
999 _c4093
_d4093